2013 Formula One Racers - Statistics

General Stats
  • This quiz has been taken 308 times
    300 since last reset
  • The average score is 16 of 22
Answer Stats
Drivers % Correct
Lewis Hamilton
98%
Sebastien Vettel
97%
Fernando Alonso
96%
Jenson Button
94%
Mark Webber
92%
Nico Rosberg
91%
Felipe Massa
88%
Kimi Raikkonen
86%
Sergio Perez
83%
Daniel Ricciardo
79%
Romain Grosjean
77%
Nico Hulkenberg
76%
Valtteri Bottas
70%
Pastor Maldonado
68%
Jules Bianchi
65%
Adrian Sutil
60%
Jean-Eric Vergne
59%
Charles Pic
58%
Paul Di Resta
54%
Max Chilton
53%
Giedo Van Der Garde
42%
Estaban Gutierrez
37%
No matching quizzes found
Score Distribution
Percent of People with Each Score
Percentile by Number Answered
Your Score History
You have not taken this quiz since the last reset